Country Flags with 3 stripes - Statistics

General Stats
  • This quiz has been taken 375 times
  • The average score is 9 of 12
Answer Stats
Vertical Stripes (Left to Right) Answer % Correct
Blue/White/Red France
91%
Green/White/Red Italy
91%
Black/Yellow/Red Belgium
86%
Green/White/Orange Ireland
86%
Black/Red/Yellow Germany
83%
Blue/Black/White Estonia
71%
Netherlands
70%
Red/White/Green Hungary
66%
White/Green/Red Bulgaria
63%
Yellow/Green/Red Lithuania
58%
Red/White/Blue Luxembourg
54%
Red/Yellow/Red Spain
52%
No matching quizzes found
Score Distribution
Percent of People with Each Score
Percentile by Number Answered
Your Score History
You have not taken this quiz